000 00212 a2200109 4500
020 _a9780061126161
041 _aspa
100 _aGarland, Michael
245 _aEl tesoro de noelle
942 _cBK
952 _71
999 _c16871
_d16871